ADMINISTRACION DE PROYECTOS DE CONSTRUCCION (Registro nro. 49529)
[ vista simple ]
| 000 -LEADER | |
|---|---|
| fixed length control field | 00943nam a2200193 a 4500 |
| 001 - CONTROL NUMBER | |
| control field | 49529 |
| 005 - DATE AND TIME OF LATEST TRANSACTION | |
| control field | 20180714034248.0 |
| 008 - FIXED-LENGTH DATA ELEMENTS--GENERAL INFORMATION | |
| fixed length control field | 140415s2002 mx 000 0 spa d |
| 020 ## - INTERNATIONAL STANDARD BOOK NUMBER | |
| International Standard Book Number | 970103449X |
| 041 ## - LANGUAGE CODE | |
| Language code of text/sound track or separate title | spa |
| 082 ## - DEWEY DECIMAL CLASSIFICATION NUMBER | |
| Classification number | 624.0685 |
| Item number | LEV |
| 100 1# - MAIN ENTRY--PERSONAL NAME | |
| Personal name | LEVY, SIDNEY M. |
| 245 10 - TITLE STATEMENT | |
| Title | ADMINISTRACION DE PROYECTOS DE CONSTRUCCION |
| 250 ## - EDITION STATEMENT | |
| Edition statement | 2a ed. |
| 260 ## - PUBLICATION, DISTRIBUTION, ETC. | |
| Place of publication, distribution, etc. | MEXICO : |
| Name of publisher, distributor, etc. | MCGRAW-HILL INTERAMERICANA EDITORES, |
| Date of publication, distribution, etc. | 2002 |
| 300 ## - PHYSICAL DESCRIPTION | |
| Extent | 179 |
| Dimensions | 16 x 2.6 x 23.6 |
| 520 ## - SUMMARY, ETC. | |
| Summary, etc. | ESTE LIBRO OFRECE MUCHAS IDEAS Y SUGERENCIAS Y LE AHORRA DINERO; LE MUESTRA PASO POR PASO COMO HACER QUE LA CELEBRACIÓN DE CONTRATOS SIEMPRE SE RENTABLE Y EXITOSA DESDE UALQUIER PUNTO DE VISTA Y SIN NINGUN PROBELMA. TOTALMENTE ACTUALIZADA, ESTA OBRA EN SU TERCERA EDICIÓN, LE AYUDA EN TODOS LOS ASPECTOS DEL PROYECTO, DESDE REDACTAR EL CONTRATO INCIAL HASTA CUMPLIR CON LAS NORMAS DE LA OSHA. |
| 650 14 - SUBJECT ADDED ENTRY--TOPICAL TERM | |
| Topical term or geographic name entry element | ADMINISTRACION DE PROYECTOS |
| General subdivision | CONSTRUCCION |
| Withdrawn status | Lost status | Source of classification or shelving scheme | Damaged status | Not for loan | Collection code | Home library | Current library | Shelving location | Date acquired | Source of acquisition | Inventory number | Total Checkouts | Full call number | Barcode | Date last seen | Date last checked out | Price effective from | Koha item type |
|---|---|---|---|---|---|---|---|---|---|---|---|---|---|---|---|---|---|---|
| Dewey Decimal Classification | General | Biblioteca Karol Wojtyla | Biblioteca Karol Wojtyla | Sala general | 03/12/2013 | Compra | 151000000000000000004042 | 2 | 624.0685 LEV | 74007 | 05/01/2026 | 09/09/2025 | 03/12/2013 | Libro |